000 01109nam a22001817a 4500
005 20220309064718.0
008 210409s1989 |||| m||| 00| 0 eng d
040 _aCENDOC CAAAP
_bspa
_cCAAAP
050 _aFP
_b82.C1 N25
100 1 _92075
_aNarby, Jeremy
245 _aVisions of land :
_bthe ashaninca and resource development in the Pichis valley in the peruvian central jungle /
_cJeremy Narby
260 _a[s.l.:
_bs.n.,]
_c1989
300 _aix, 363 p. :
_c21 cm.
505 _aIntroduction -- Carlo's statement -- Colonial history 1873-1968 : colonist, missionaries and the state --The vision of the Adventist missionaries -- The vision of the colonist, 1953-1986: land becomes a commodity in the Pichis Valley -- The vision of the State 1963-1980: the emergence of the Law of Native Communities -- The vision of the State 1980-1986: the Pichis-Palcazu Special Project -- The ashaninca vision of land -- Land uses in Quirishari 1984-1986 -- Conclusion.
650 0 _92074
_aIndígenas asháninka
_xHistoria
650 0 _aIndígenas Asháninka
_xCondiciones sociales
_92071
942 _2lcc
_bDD - MM - AA
_cBK
999 _c848
_d848